150 câu hỏi phòng chữa chóng mặt

Uloženo v:
Podrobná bibliografie
Hlavní autor: Tương, Hồng Xuân
Médium: Kniha
Jazyk:Undetermined
Vydáno: Hà Nội Phụ nữ 2004
Témata:
Tagy: Přidat tag
Žádné tagy, Buďte první, kdo otaguje tento záznam!
Thư viện lưu trữ: Trung tâm Học liệu Trường Đại học Cần Thơ
LEADER 00584nam a2200193Ia 4500
001 CTU_64438
008 210402s9999 xx 000 0 und d
020 |b 22000 
082 |a 616.841 
082 |b X502 
100 |a Tương, Hồng Xuân 
245 0 |a 150 câu hỏi phòng chữa chóng mặt 
245 0 |c Tương Hồng Xuân 
260 |a Hà Nội 
260 |b Phụ nữ 
260 |c 2004 
650 |a Dizziness,Neurologic manifestations of general diseases 
904 |i Nguyênsửa 
980 |a Trung tâm Học liệu Trường Đại học Cần Thơ